Vista normal
Vista MARC
Entrada Personal Name
Número de registros utilizados en: 1
001 - CONTROL NUMBER
- control field: 14746
003 - CONTROL NUMBER IDENTIFIER
- control field: DLC
005 - DATE AND TIME OF LATEST TRANSACTION
- control field: 20230829163500.0
008 - FIXED-LENGTH DATA ELEMENTS
- fixed length control field: 221215n| azannaabn |n aaa
010 ## - LIBRARY OF CONGRESS CONTROL NUMBER
- LC control number: nb2022019482
035 ## - SYSTEM CONTROL NUMBER
- System control number: (Uk)011476319
040 ## - CATALOGING SOURCE
- Original cataloging agency: Uk
- Language of cataloging: spa
- Description conventions: rda
- Transcribing agency: Mx-PuUPA
- Modifying agency: Mx-PuUPA
100 1# - HEADING--PERSONAL NAME
- Personal name: Rackow, Rick,
372 ## - FIELD OF ACTIVITY
- Field of activity: Confiabilidad (Ingeniería)
- Source of term: lcsh
373 ## - ASSOCIATED GROUP
- Associated group: Red Hat Animation (Firm)
- Source of term: naf
374 ## - OCCUPATION
- Occupation: Autor
375 ## - GENDER
- Gender: hombre
377 ## - ASSOCIATED LANGUAGE
- Language code: eng
670 ## - SOURCE DATA FOUND
- Source citation: Operating OpenShift, 2022:
- Information found: t.p. (Rick Rackow) back cover (site reluiability engineer on Red Hat's OpenShift Dedicated SRE team)